Shiv-Charitra-Sahitya (Record no. 1380589)

MARC details
000 -LEADER
fixed length control field 00540nam a2200241Ia 4500
008 - FIXED-LENGTH DATA ELEMENTS--GENERAL INFORMATION
fixed length control field 160525s9999||||xx |||||||||||||| ||und||
040 ## - CATALOGING SOURCE
Transcribing agency Marathi
082 ## - DEWEY DECIMAL CLASSIFICATION NUMBER
Classification number XV.G/Shivaji
082 ## - DEWEY DECIMAL CLASSIFICATION NUMBER
Item number BORI-55582
245 ## - TITLE STATEMENT
Title Shiv-Charitra-Sahitya
300 ## - PHYSICAL DESCRIPTION
Extent 52
300 ## - PHYSICAL DESCRIPTION
Other physical details Ninth
300 ## - PHYSICAL DESCRIPTION
Dimensions B
300 ## - PHYSICAL DESCRIPTION
Accompanying material Paperback
530 ## - ADDITIONAL PHYSICAL FORM AVAILABLE NOTE
Availability source Patwardhan
530 ## - ADDITIONAL PHYSICAL FORM AVAILABLE NOTE
Uniform Resource Identifier <a href="00055582.pdf">00055582.pdf</a>
563 ## - BINDING INFORMATION
Binding note Ref
630 ## - SUBJECT ADDED ENTRY--UNIFORM TITLE
Uniform title Shiv-Charitra-Sahitya
650 ## - SUBJECT ADDED ENTRY--TOPICAL TERM
Topical term or geographic name as entry element Biography
650 ## - SUBJECT ADDED ENTRY--TOPICAL TERM
Topical term or geographic name as entry element Reference
730 ## - ADDED ENTRY--UNIFORM TITLE
Uniform title Shiv-Charitra-Sahitya
942 ## - ADDED ENTRY ELEMENTS (KOHA)
Koha item type Book
Holdings
Withdrawn status Lost status Damaged status Not for loan Home library Current library Date acquired Cost, normal purchase price Total Checkouts Full call number Barcode Date last seen Cost, replacement price Price effective from Koha item type
        Bhandarkar Oriental Research Institute, Pune Bhandarkar Oriental Research Institute, Pune   10.00   BORI-55582 BORI-55582 05/25/2016 10.00 05/25/2016 Book